000 00476cam a2200145 4500500
005 20251228074218.0
041 _afre
042 _adc
100 1 0 _aBaron, Anne-Marie
_eauthor
245 0 0 _aBalzac et le « Contrat social » de Rousseau
260 _c2011.
500 _a76
786 0 _nL'Année balzacienne | 11 | 1 | 2011-02-14 | p. 249-265 | 0084-6473
856 4 1 _uhttps://shs.cairn.info/revue-l-annee-balzacienne-2010-1-page-249?lang=fr&redirect-ssocas=7080
999 _c1597188
_d1597188